01206 a2200265 4500003000500000005001700005010001700022020002300039020003900062035002000101035002300121040000900144082001200153100002200165245013100187260004800318300003600366505019500402650002700597650002600624651001100650856010600661856009100767856008200858Nust20170207154044.0 a 2006102246 a0470126884 (cloth) a9780470126882 (cloth : alk. paper) a(OCoLC)77572843 a(OCoLC)ocm77572843 cNust00a658.1521 aSanwal, Anand K.,10aOptimizing corporate portfolio management :aligning investment proposals with organizational strategy -(E-BOOK)cAnand Sanwal. aHoboken, N.J. :bJohn Wiley & Sons,cc2007. axxvii, 190 p. :bill. ;c24 cm.0 aOverview of Corporate Portfolio Management (page-1), Bringing CPM to Your Organization (page-29), Applying CPM to Functional Areas within the Organization (page-91), case Studies (page-111). 0aCorporationsxFinance. 0aPortfolio management. aE-BOOK413Contributor biographical informationuhttp://www.loc.gov/catdir/enhancements/fy0741/2006102246-b.html413Publisher descriptionuhttp://www.loc.gov/catdir/enhancements/fy0741/2006102246-d.html413Table of contents onlyuhttp://www.loc.gov/catdir/toc/ecip077/2006102246.html